[Event "Mosquera op"]
[Site "Mosquera"]
[Date "2014.10.30"]
[Round "1"]
[White "Lozano Ramirez, Nestor Favian"]
[Black "Arias Rojas, Juan Diego"]
[Result "1-0"]
[WhiteElo "2203"]
[BlackElo "1971"]
[PlyCount "51"]
[EventDate "2014.10.30"]
[EventType "swiss"]
[EventRounds "9"]
[EventCountry "COL"]
[SourceTitle "EXT 2015"]
[Source "ChessBase"]
[SourceDate "2014.11.20"]
[SourceVersion "1"]
[SourceVersionDate "2014.11.20"]
[SourceQuality "1"]

1. g3 Nf6 2. Bg2 e6 3. Nf3 d5 4. c4 Be7 5. 0-0 0-0 6. b3 c5 7. e3 Nc6 8. Bb2 Ne4 9. d3 Bf6 10. Qe2 Nd6 11. Rd1 d4 12. exd4 Nxd4 13. Bxd4 cxd4 14. Nbd2 Qa5 15. a3 Rd8 16. b4 Qf5 17. Rdc1 Ne8 18. c5 Rb8 19. Ne4 Bd7 20. Nxf6+ Qxf6 21. Ne5 Ba4 22. c6 bxc6 23. Bxc6 Bb5 24. a4 Ba6 25. Nd7 Rxd7 26. Bxd7 1-0

[Event "COL-ch sf"]
[Site "Medellin"]
[Date "2014.??.??"]
[Round "2"]
[White "Arias Rojas, Juan Diego"]
[Black "Ossa Ramirez, Jesus Antonio"]
[Result "1-0"]
[WhiteElo "1990"]
[BlackElo "1729"]
[PlyCount "51"]
[EventDate "2014.04.15"]
[EventType "swiss"]
[EventRounds "11"]
[EventCountry "COL"]
[SourceTitle "CBM 160 Extra"]
[Source "ChessBase"]
[SourceDate "2014.07.01"]
[SourceVersion "1"]
[SourceVersionDate "2014.07.01"]
[SourceQuality "1"]

1. g3 e5 2. Bg2 Bc5 3. c4 f5 4. e3 Nf6 5. d4 Bb4+ 6. Nd2 e4 7. Ne2 0-0 8. c5 Bxd2+ 9. Bxd2 d5 10. cxd6 cxd6 11. 0-0 d5 12. Qb3 Nc6 13. Rfc1 Qe8 14. Nf4 Qf7 15. Rc5 Rd8 16. Rac1 g5 17. Ne2 Be6 18. Rb5 Rd7 19. Nc3 f4 20. Na4 f3 21. Nc5 fxg2 22. Nxd7 Ng4 23. Be1 Bxd7 24. Rxb7 Qh5 25. Qxd5+ Kh8 26. h4 1-0

[Event "Bogota McGregor op 4th"]
[Site "Bogota"]
[Date "2013.12.07"]
[Round "7"]
[White "Zuluaga Mancilla, Cesar"]
[Black "Arias Rojas, Juan Diego"]
[Result "1-0"]
[WhiteElo "2361"]
[BlackElo "1985"]
[PlyCount "57"]
[EventDate "2013.12.04"]
[EventType "swiss"]
[EventRounds "9"]
[EventCountry "COL"]
[SourceTitle "CBM 157 Extra"]
[Source "ChessBase"]
[SourceDate "2013.12.19"]
[SourceVersion "1"]
[SourceVersionDate "2013.12.19"]
[SourceQuality "1"]

1. d4 d5 2. Nf3 Nf6 3. Bf4 e6 4. e3 Bd6 5. Nbd2 0-0 6. Bd3 c5 7. Bg3 Nc6 8. c3 Re8 9. Ne5 h6 10. f4 Bd7 11. Bh4 cxd4 12. exd4 Be7 13. 0-0 Qc7 14. Qe2 b5 15. Nxd7 Nxd7 16. Bxe7 Rxe7 17. Bxb5 Rb8 18. Nf3 Nf6 19. Bd3 Qb6 20. Rab1 Nd7 21. Kh1 f6 22. Nh4 e5 23. Ng6 Ree8 24. dxe5 fxe5 25. Bf5 exf4 26. Be6+ Kh7 27. Nxf4 Nf6 28. Qd3+ Ne4 29. Bxd5 1-0

[Event "Sopo op"]
[Site "Sopo"]
[Date "2013.04.27"]
[Round "3"]
[White "Arias Rojas, Juan Diego"]
[Black "Ramirez, Heimy Polgar"]
[Result "1/2-1/2"]
[WhiteElo "2002"]
[BlackElo "2097"]
[PlyCount "25"]
[EventDate "2013.04.26"]
[EventType "swiss"]
[EventRounds "5"]
[EventCountry "COL"]
[SourceTitle "CBM 154 Extra"]
[Source "ChessBase"]
[SourceDate "2013.06.25"]
[SourceVersion "2"]
[SourceVersionDate "2013.06.25"]
[SourceQuality "1"]

1. g3 g6 2. Bg2 Bg7 3. c4 e6 4. Nc3 c6 5. d4 d5 6. cxd5 exd5 7. Nf3 Ne7 8. 0-0 0-0 9. e3 Bg4 10. h3 Be6 11. Ne2 Na6 12. Bd2 Nf5 13. Rc1 1/2-1/2

[Event "Sopo op"]
[Site "Sopo"]
[Date "2013.04.27"]
[Round "2"]
[White "Cifuentes, John Jairo"]
[Black "Arias Rojas, Juan Diego"]
[Result "0-1"]
[WhiteElo "2125"]
[BlackElo "2002"]
[PlyCount "118"]
[EventDate "2013.04.26"]
[EventType "swiss"]
[EventRounds "5"]
[EventCountry "COL"]
[SourceTitle "CBM 154 Extra"]
[Source "ChessBase"]
[SourceDate "2013.06.25"]
[SourceVersion "2"]
[SourceVersionDate "2013.06.25"]
[SourceQuality "1"]

1. e4 e6 2. d4 d5 3. Nc3 Nf6 4. Bg5 Be7 5. exd5 Nxd5 6. Bxe7 Qxe7 7. Bd3 Nc6 8. Nge2 Bd7 9. 0-0 0-0-0 10. Be4 Nf6 11. Bf3 g5 12. b4 g4 13. Bxc6 Bxc6 14. b5 Be4 15. Nxe4 Nxe4 16. c3 Qh4 17. Qc2 Ng5 18. Qd3 Rhg8 19. Qg3 Qh6 20. Kh1 Ne4 21. Qe3 Qg6 22. Rae1 Nd6 23. d5 Kb8 24. Nf4 Qf5 25. dxe6 fxe6 26. Nxe6 Rde8 27. a4 Rg6 28. Nd4 Rxe3 29. Nxf5 Rxc3 30. Re7 c5 31. Rd1 Kc8 32. Ne3 h6 33. g3 Ra3 34. Nxg4 Rxa4 35. Ne5 Rf6 36. f4 Rd4 37. Rc1 c4 38. Rh7 Nxb5 39. Rxc4+ Rxc4 40. Nxc4 Nd4 41. Kg2 b5 42. Ne5 a6 43. Kf2 b4 44. Ke3 b3 45. Nd3 Nb5 46. g4 a5 47. g5 hxg5 48. fxg5 Rg6 49. h4 a4 50. Rh6 Rg7 51. Rb6 a3 52. Rxb5 a2 53. Ra5 Kb8 54. g6 Rxg6 55. Kd2 Rc6 56. h5 Rc2+ 57. Ke3 Kc7 58. Kd4 Rd2 59. Kc3 Rxd3+ 0-1

[Event "Bogota IRT de la Sabana"]
[Site "Bogota"]
[Date "2013.01.13"]
[Round "18"]
[White "Arias Rojas, Juan Diego"]
[Black "Nieto, Manuel Guillermo"]
[Result "1/2-1/2"]
[WhiteElo "2040"]
[BlackElo "1892"]
[PlyCount "61"]
[EventDate "2013.01.03"]
[EventType "tourn"]
[EventRounds "18"]
[EventCountry "COL"]
[SourceTitle "EXT 2022"]
[Source "ChessBase"]
[SourceDate "2021.10.06"]
[SourceVersion "1"]
[SourceVersionDate "2021.10.06"]
[SourceQuality "1"]

1. g3 g6 2. Bg2 Bg7 3. d4 d6 4. Nf3 Nf6 5. 0-0 0-0 6. c4 Bg4 7. Nc3 Nc6 8. Bg5 h6 9. Bxf6 Bxf6 10. e3 e5 11. d5 Ne7 12. Qb3 Qc8 13. Ne4 Bg7 14. c5 Rd8 15. cxd6 cxd6 16. Rac1 Qd7 17. h3 Bxf3 18. Bxf3 f5 19. Nd2 e4 20. Bg2 Rac8 21. f3 Rxc1 22. Rxc1 Rc8 23. Rxc8+ Qxc8 24. fxe4 Qc1+ 25. Nf1 Qxb2 26. Qxb2 Bxb2 27. exf5 Nxf5 28. Kf2 Kf7 29. g4 Nh4 30. Nd2 Nxg2 31. Kxg2 1/2-1/2

[Event "Bogota IRT de la Sabana"]
[Site "Bogota"]
[Date "2013.01.10"]
[Round "11"]
[White "Arias Rojas, Juan Diego"]
[Black "Olarte Parra, Jhoan Sebastian"]
[Result "1/2-1/2"]
[WhiteElo "2040"]
[BlackElo "1976"]
[PlyCount "124"]
[EventDate "2013.01.03"]
[EventType "tourn"]
[EventRounds "18"]
[EventCountry "COL"]
[SourceTitle "EXT 2022"]
[Source "ChessBase"]
[SourceDate "2021.10.06"]
[SourceVersion "1"]
[SourceVersionDate "2021.10.06"]
[SourceQuality "1"]

1. c4 e5 2. Nf3 Nc6 3. Nc3 Nf6 4. d4 exd4 5. Nxd4 Bc5 6. e3 0-0 7. Be2 Re8 8. 0-0 Qe7 9. Re1 d6 10. a3 a5 11. Nxc6 bxc6 12. Bf3 Bb7 13. Qb3 Reb8 14. e4 Nd7 15. Na4 Bd4 16. Be3 Be5 17. Qc2 Ba6 18. Rad1 Qf6 19. b3 c5 20. Bd2 Nf8 21. Nc3 c6 22. Bg4 h5 23. Bh3 g5 24. Bf5 Bc8 25. Re3 Ne6 26. Ne2 Nd4 27. Nxd4 cxd4 28. Rh3 Qh6 29. Qc1 f6 30. f4 Bxf5 31. exf5 gxf4 32. Rg3+ Kf7 33. Rg6 Qh7 34. Bxf4 Rg8 35. Bxe5 dxe5 36. Rh6 Qg7 37. g3 Qg5 38. Rh7+ Rg7 39. Qxg5 fxg5 40. Rxh5 Rb8 41. Rb1 g4 42. Kf2 c5 43. Ke2 Kf6 44. Kd3 Rgb7 45. Ke4 Rxb3 46. Rxb3 Rxb3 47. Rh6+ Kf7 48. Kxe5 Re3+ 49. Kd5 Rxa3 50. Kxc5 d3 51. Rd6 Rb3 52. Kd4 a4 53. Ke3 a3 54. Ra6 Rc3 55. Kd2 Rxc4 56. Kxd3 Rc1 57. Ke4 Rh1 58. Rxa3 Kf6 59. Ra6+ Kg5 60. Rg6+ Kh5 61. Kf4 Rf1+ 62. Ke5 Rxf5+ 1/2-1/2

[Event "Bogota IRT de la Sabana"]
[Site "Bogota"]
[Date "2013.01.06"]
[Round "8"]
[White "Arias Rojas, Juan Diego"]
[Black "Baron Calderon, Ismael"]
[Result "1/2-1/2"]
[WhiteElo "2040"]
[BlackElo "1702"]
[PlyCount "89"]
[EventDate "2013.01.03"]
[EventType "tourn"]
[EventRounds "18"]
[EventCountry "COL"]
[SourceTitle "EXT 2022"]
[Source "ChessBase"]
[SourceDate "2021.10.06"]
[SourceVersion "1"]
[SourceVersionDate "2021.10.06"]
[SourceQuality "1"]

1. g3 e5 2. Bg2 d5 3. d4 e4 4. c4 c6 5. Nc3 Bb4 6. e3 Nf6 7. Nge2 Bg4 8. Bd2 Bxc3 9. Bxc3 dxc4 10. a3 Qd5 11. Qc2 Bxe2 12. Kxe2 0-0 13. f3 Re8 14. fxe4 Nxe4 15. Raf1 Nxc3+ 16. Kf2 Ne4+ 17. Kg1 Nd7 18. g4 Re7 19. Rf5 Qe6 20. Kf1 Nd6 21. Rf3 Qxg4 22. h4 Rae8 23. Rhh3 Qe4 24. Qc1 Qd3+ 25. Kg1 Nf5 26. Bf1 Qe4 27. Rf4 Qe6 28. Bxc4 Qg6+ 29. Kf2 Rxe3 30. Rxe3 Rxe3 31. Rxf5 Qxf5+ 32. Kxe3 Qh3+ 33. Ke2 Qg4+ 34. Kd3 Qxh4 35. Qe3 Qd8 36. b4 Nb6 37. Bb3 h6 38. Qf3 Nd5 39. Qf5 Nf6 40. Qc5 Qb8 41. Qe7 Qg3+ 42. Kc2 Qf2+ 43. Kc3 Qf3+ 44. Kb2 Qf2+ 45. Kc3 1/2-1/2

[Event "Bogota McGregor op 3rd"]
[Site "Bogota"]
[Date "2012.12.14"]
[Round "5"]
[White "Arias Rojas, Juan Diego"]
[Black "Ordonez Gonzalez, Gabriel"]
[Result "1-0"]
[WhiteElo "2095"]
[BlackElo "1909"]
[PlyCount "42"]
[EventDate "2012.12.12"]
[EventType "swiss"]
[EventRounds "9"]
[EventCountry "COL"]
[SourceTitle "EXT 2014"]
[Source "ChessBase"]
[SourceDate "2013.11.20"]
[SourceVersion "1"]
[SourceVersionDate "2013.11.20"]
[SourceQuality "1"]

1. c4 c5 2. Nc3 d6 3. g3 Nc6 4. Bg2 Nf6 5. Nf3 g6 6. d4 cxd4 7. Nxd4 Qb6 8. Nxc6 bxc6 9. 0-0 Rb8 10. b4 Bb7 11. Qa4 Ba8 12. Be3 Qc7 13. Bxa7 Rxb4 14. Qxb4 Qxa7 15. Rab1 Nd7 16. Qa4 Qxa4 17. Nxa4 Kd8 18. Nb6 Nxb6 19. Rxb6 Kc7 20. Rfb1 Bg7 21. e3 f5 1-0

[Event "Bogota McGregor op 3rd"]
[Site "Bogota"]
[Date "2012.12.14"]
[Round "4"]
[White "Salcedo Perez, Pablo Esteban"]
[Black "Arias Rojas, Juan Diego"]
[Result "1-0"]
[WhiteElo "1825"]
[BlackElo "2095"]
[PlyCount "122"]
[EventDate "2012.12.12"]
[EventType "swiss"]
[EventRounds "9"]
[EventCountry "COL"]
[SourceTitle "EXT 2014"]
[Source "ChessBase"]
[SourceDate "2013.11.20"]
[SourceVersion "1"]
[SourceVersionDate "2013.11.20"]
[SourceQuality "1"]

1. d4 Nf6 2. c4 e5 3. dxe5 Ng4 4. Bf4 Bb4+ 5. Nc3 Nc6 6. Nf3 Qe7 7. e3 Bxc3+ 8. bxc3 Ngxe5 9. Nxe5 Nxe5 10. Bxe5 Qxe5 11. Qd4 d6 12. Be2 0-0 13. 0-0 Re8 14. Rfd1 Bf5 15. Bf3 Be4 16. Bxe4 Qxe4 17. Rab1 b6 18. Rb2 Re5 19. Rb5 Rae8 20. Rd3 Kf8 21. Rxe5 Rxe5 22. f4 Re6 23. Kf2 Ke7 24. Qxe4 Rxe4 25. Rd4 Re6 26. Kf3 f5 27. Rd5 g6 28. Ke2 c5 29. Rd2 Kd7 30. h3 Kc6 31. g4 a6 32. a4 Re4 33. Kd3 d5 34. gxf5 gxf5 35. cxd5+ Kxd5 36. Ke2+ Kc4 37. Rd6 Kxc3 38. Rxb6 Rxa4 39. Rf6 c4 40. Rxf5 Ra2+ 41. Kf3 Kb4 42. Rf8 c3 43. Rc8 c2 44. Ke4 Kb3 45. Kd3 Ra5 46. Rc3+ Kb4 47. Rxc2 Rh5 48. Rf2 Rxh3 49. f5 Rh1 50. f6 Rd1+ 51. Ke4 Rd8 52. f7 Rf8 53. Ke5 a5 54. Ke6 a4 55. Ke7 Ra8 56. f8Q Rxf8 57. Kxf8 h5 58. e4 a3 59. e5 Kb3 60. e6 a2 61. Rxa2 Kxa2 1-0